01010 a2200217 45000010006000000050017000060080041000230030015000640400040000790800031001192450041001500200018001912640052002093000019002615050370002801000023006507000026006737000022006997000035007217000036007564855720260407155750.0260407a1974 arg spa dAR-UNSa-BCEJYS aAR-UNSa-BCEJYSbspacAR-UNSa-BCEJYS a330xEconomía en general10aTeoría de la economía estática a0-13-906610-1 1aNew Jersey :bPrentice/Hall Internacionalc1974 a460 p.c24 cm. a1. Introducción - 2. Teoría de la demanda - 3. Teoría de la producción y el costo - 4. Determinación del precio de los productos: Competencia pura - 5. Determinación del precio de los productos: El monopolio y competencia imperfecta - 6. Determinación de los precios de los recursos productivos y distribución del ingreso - 7. Economía normativa. 1 aBrennan, Michel J.1 aReig Garcia, Víctor1 aPalmieri, Horacio1 aDávila L. de Guevara, Alvaro1 aMaldonado Santa Cruz, Guillermo